000 00617nam a2200181Ia 4500
005 20250923145139.0
008 008 250917s9999 xx 000 0 eng d
037 _aTextual
040 _aDSWL
_beng
_cDSWL
041 _aeng
_2eng
084 _aX:97, N69
_qDSWL
100 _aSingh, Kuljeet
_9832243
245 0 _aIntergenerational Conflict among Industrial Working A Sociological study of 50 families of the working class
_cby Kuljeet Singh
260 _aDelhi
_b School of Social Work,3, University Road, -7
_c1969
300 _a79p.
942 _cTEXL
_hX:97, N69
999 _c1447739
_d1447739